000 00518cam a2200181 4500500
005 20260405000822.0
041 _afre
042 _adc
100 1 0 _aOrtoli, Sven
_eauthor
245 0 0 _aScotchés à l’écran
260 _c2009.
500 _a100
690 _aCoué
690 _aMéthode
690 _aPlaton
786 0 _nPhilosophie magazine | 33 | 10 | 2009-10-01 | p. 2-2 | 1951-1787
856 4 1 _uhttps://shs.cairn.info/magazine-philosophie-magazine-2009-10-page-2?lang=fr&redirect-ssocas=7080
999 _c2041055
_d2041055